| 000 | 01652nam0a2200361 4500 | ||
|---|---|---|---|
| 001 | RU\NLR\BIBL_A\022239816 | ||
| 005 | 20250625171245.0 | ||
| 010 | _a978-5-4493-7280-2 | ||
| 035 | _a(NLR Aleph) 022239816 | ||
| 090 |
_a13156890 _c13156890 |
||
| 100 | _a20240603d2018 |||y0rusy50 ca | ||
| 101 | 0 | _arus | |
| 102 | _aRU | ||
| 105 | _ac|||z|||000fy | ||
| 181 | 0 |
_ai _baxxe |
|
| 182 | 0 | _an | |
| 200 | 1 |
_aОна и он _eсборник рассказов _fАнна Парижская |
|
| 203 |
_aТекст _bвизуальный _cнепосредственный |
||
| 210 |
_a[Б. м.] _cИздательские решения _d2018 |
||
| 215 |
_a51, [1] с. _cпортр. _d21 |
||
| 316 |
_aЭкз РНБ с экслибрисом на 2-й с. обл.: овальный штамп "Дар Санкт-Петербургского Фонда музея Иосифа Бродского. Из книг В. Полухиной и Д. Уайссборта"; на тит. с.: автогр. авт. синими чернилами _5NLR: 2024-4/3312 |
||
| 333 | _a12+ | ||
| 686 | 2 | _aШ6(2=Р)8-440.5 | |
| 700 | 1 |
_aПарижская _bА. _gАнна |
|
| 702 | 1 |
_aПолухина _bВ. _gВалентина _4390 |
|
| 702 | 1 |
_aУайссборт _bД. _f1935-2013 _gДэниел _3RU\NLR\AUTH\770274560 _4390 |
|
| 712 | 0 | 2 |
_4320 _aСанкт-Петербургский региональный фонд создания музея Иосифа Бродского _9443019 _3RU\NLR\AUTH\880388475 |
| 942 | _cBOOK | ||
| 980 | _aNB | ||